Lessons from Frankenstorm investing for future power disruptions /

Bibliographic Details
Main Author: Licata, John.
Corporate Author: ProQuest (Firm)
Format: Electronic eBook
Language:English
Published: Hoboken. NJ : Wiley, 2013.
Subjects:
Online Access:Click to View
LEADER 01181nam a2200325Ia 4500
001 EBC1325044
003 MiAaPQ
005 20200520144314.0
006 m o d |
007 cr cn|||||||||
008 130801s2013 nju s 000 0 eng d
020 |z 9781118752029 
020 |z 9781118774175 
035 |a (MiAaPQ)EBC1325044 
035 |a (Au-PeEL)EBL1325044 
035 |a (CaPaEBR)ebr10740151 
035 |a (CaONFJC)MIL507253 
035 |a (OCoLC)857060360 
040 |a MiAaPQ  |c MiAaPQ  |d MiAaPQ 
050 4 |a HD9502  |b .L53 2013 
100 1 |a Licata, John. 
245 1 0 |a Lessons from Frankenstorm  |h [electronic resource] :  |b investing for future power disruptions /  |c John Licata. 
260 |a Hoboken. NJ :  |b Wiley,  |c 2013. 
300 |a xxi, 63 p. 
533 |a Electronic reproduction. Ann Arbor, MI : ProQuest, 2015. Available via World Wide Web. Access may be limited to ProQuest affiliated libraries. 
650 0 |a Electric power failures. 
650 0 |a Electric power systems  |x Natural disaster effects. 
655 4 |a Electronic books. 
710 2 |a ProQuest (Firm) 
856 4 0 |u https://ebookcentral.proquest.com/lib/matrademy/detail.action?docID=1325044  |z Click to View